000 01018nam a2200313 a 4500
008
020 _a0125070616 (hardback)
040 _aNUST
_cNUST
049 _aMAIN
090 _aQC611
_bADV
245 1 0 _aAdvanced semiconductor and organic nano-techniques part I :
_bnanoscale electronics and optoelectronics/
_cedited by Hadis Morkoc.
260 _aAmsterdam :
_cAcademic Press,
_c2003.
300 _axvii, 519 pages :
_billustrations ;
_c24 cm.
336 _atext
_btxt
_2rdacontent
337 _aunmediated
_bn
_2rdamedia
338 _avolume
_bnc
_2rdacarrier
500 _aIncludes index.
504 _aIncludes bibliographical references.
650 1 _aNanotechnology.
650 _aNanoparticles.
650 _aSemiconductors.
650 _aOptoelectronics.
650 _aNanostructured materials.
700 _aMorkoc, Hadis.,
_aeditor.
907 _a.b10412074
_b01-11-21
_c01-11-21
003
005 20230123141228.0
942 _cBOOKS
_kQC611
_mADV
999 _c169897
_d169897